00480 2200181 4500001002100000005001500021008004100036020002200077035001900099041000700118082000800125090001400133100002300147245004000170260004500210300002600255650001700281INLIS00000000000291120241224112626241224||||||||| | ||| |||| || |  a978-602-02-3106-8 0010-1224002911 aid0 a813 a813 FIT g0 aFitra Firdaus Aden00aGadis Anti Jilbab dan Kisah Lainnya aJakartabPT. Elex Media Komputindoc2013 aviii, 168 hlm.; 20 cm 0aKesusastraan